| 000 | 00712nam a2200217Ia 4500 | ||
|---|---|---|---|
| 005 | 20220715142301.0 | ||
| 008 | 131103s9999 xx 000 0 und d | ||
| 020 |
_a0-19-874159-6 _cRs 75 |
||
| 040 | _aLoreto College | ||
| 041 | _aEnglish | ||
| 082 |
_a307.76 _bGUG |
||
| 245 | 4 |
_aThe urban transformation of the developing world. _cedited by Josef Gugler |
|
| 260 |
_aNew York _bOxford University Press _c1996 |
||
| 300 | _axv,327p, maps, charts 21 c.m. | ||
| 504 | _aIncludes bibliographical references, name index and subject index | ||
| 650 | _aUrbanization-Developing Countries | ||
| 651 | _aCities and Towns-Developing Countries | ||
| 700 | _aGugler, Josef, ed. | ||
| 850 | _aLCLIB | ||
| 942 | _cBK | ||
| 999 |
_c2153 _d52632 |
||